Stars - A peu près... - Statistiques

Statistiques générales
  • Ce quiz a été pris 88 fois
  • Le résultat moyen est 23 sur 30
Statistiques - réponses
HINT ANSWER % Correct
Pascal Obispopo Pascal Obispo
100%
Muriel Robin des Bois Muriel Robin
95%
Céline de Dion-Bouton Céline Dion
94%
Francis Cabri Francis Cabrel
92%
Patrick Brulé Patrick Bruel
92%
Johnny Alidéedusiècle Johnny Hallyday
91%
Michel Sardine Michel Sardou
91%
Elton Jean Elton John
90%
Joe Dessine Joe Dassin
90%
Mylène Butcher Mylène Farmer
90%
Florent Panier Florent Pagny
86%
Jean-Jacques Orman Jean-Jacques Goldman
86%
Maradona Madonna
86%
Peugeot Renaud
82%
France Peste France Gall
81%
Sylvie Varta Sylvie Vartan
81%
Enrico Maracas Enrico Macias
77%
Bob Mayamaha Bob Marley
76%
Julien Sombre Julien Clerc
76%
Serge Cheval Serge Lama
76%
Claude Jacques Claude François
75%
Mireille Jean Mireille Mathieu
70%
Gérard Lemarseillais Gérard Lenorman
61%
Patricia Répare Patricia Kaas
61%
Bonnet C Bonney M
53%
KING Queen
52%
Phil Montagnes Phil Collins
51%
Jean-Michel Oie Jean-Michel Jarre
44%
Mezzo Soprano
33%
Toi Aussi U2
22%
Aucun quiz correspondant
Distribution des résultats
% des personnes avec chaque résultat
Percentile par nombre de réponses
Votre historique - résultats
Vous n’avez pas pris ce quiz